L'Empire colonial français : De Richelieu à Napoléon (notice n° 2198631)

détails MARC
000 -LEADER
fixed length control field 01661cam a2200133 4500500
005 - DATE AND TIME OF LATEST TRANSACTION
control field 20260405085553.0
041 ## - LANGUAGE CODE
Language code of text/sound track or separate title fre
042 ## - AUTHENTICATION CODE
Authentication code dc
100 10 - MAIN ENTRY--PERSONAL NAME
Personal name Gainot, Bernard
Relator term author
245 00 - TITLE STATEMENT
Title L'Empire colonial français : De Richelieu à Napoléon
260 ## - PUBLICATION, DISTRIBUTION, ETC.
Name of publisher, distributor, etc. Armand Colin,<br/>
Date of publication, distribution, etc. 2015.<br/>
520 ## - SUMMARY, ETC.
Summary, etc. Qu’est-ce que le premier empire colonial français et comment, sur près de trois siècles, a-t-il évolué ? Depuis la mise en place d’un projet colonial par Richelieu jusqu’aux années 1810, qui voient la prise de contrôle par l’Angleterre des derniers vestiges de possessions françaises fragilisés par l’épisode révolutionnaire, l’ouvrage montre les politiques coloniales à l’œuvre en Amérique du Nord, aux Antilles et dans l’océan Indien. Cette étude présente les acteurs, privés et institutionnels, de cette entreprise coloniale, mais aussi les populations, esclaves et libres cultivateurs, négociants et Habitants, nationaux et autochtones, à l’origine du démarrage véritable de l’outre-mer français, vers le milieu du XVIIIe siècle. Dépassant la simple perspective économiste et l’approche institutionnelle et militaire, l’auteur restitue la multiplicité des points de vue des acteurs et les ambiguïtés des marqueurs culturels entre « créolisation » et signes ostentatoires d’intégration. Cartographie originale, documents et portraits de grandes figures accompagneront le lecteur dans cette découverte de la première vague colonisatrice de la France.
856 41 - ELECTRONIC LOCATION AND ACCESS
Uniform Resource Identifier <a href="https://shs.cairn.info/l-empire-colonial-francais-de-richelieu-a-napoleon--9782200354909?lang=fr&redirect-ssocas=7080">https://shs.cairn.info/l-empire-colonial-francais-de-richelieu-a-napoleon--9782200354909?lang=fr&redirect-ssocas=7080</a>

Pas d'exemplaire disponible.

PLUDOC

PLUDOC est la plateforme unique et centralisée de gestion des bibliothèques physiques et numériques de Guinée administré par le CEDUST. Elle est la plus grande base de données de ressources documentaires pour les Étudiants, Enseignants chercheurs et Chercheurs de Guinée.

Adresse

627 919 101/664 919 101

25 boulevard du commerce
Kaloum, Conakry, Guinée

Réseaux sociaux

Powered by Netsen Group @ 2025